Myths and places : (Record no. 1309135)

MARC details
000 -LEADER
fixed length control field 00548nam a22002057a 4500
005 - DATE AND TIME OF LATEST TRANSACTION
control field 20250529151410.0
008 - FIXED-LENGTH DATA ELEMENTS--GENERAL INFORMATION
fixed length control field 250418b |||||||| |||| 00| 0 eng d
020 ## - INTERNATIONAL STANDARD BOOK NUMBER
International Standard Book Number 9781032723686
040 ## - CATALOGING SOURCE
Original cataloging agency SDCL
Transcribing agency SDCL
041 ## - LANGUAGE CODE
Source of code eng
Language code of text/sound track or separate title eng
084 ## - COLON CLASSIFICATION NUMBER
Classification number Y:1.2'P R4
245 ## - TITLE STATEMENT
Title Myths and places :
Remainder of title New perspectives in Indian cultural geography
260 ## - PUBLICATION, DISTRIBUTION, ETC.
Place of publication, distribution, etc. New York :
Name of publisher, distributor, etc. Routledge,
Date of publication, distribution, etc. 2024.
300 ## - PHYSICAL DESCRIPTION
Extent xiv, 232p.
650 ## - SUBJECT ADDED ENTRY--TOPICAL TERM
Source of heading or term History
650 ## - SUBJECT ADDED ENTRY--TOPICAL TERM
Topical term or geographic name entry element Culture
650 ## - SUBJECT ADDED ENTRY--TOPICAL TERM
Topical term or geographic name entry element Myth
9 (RLIN) 811061
700 ## - ADDED ENTRY--PERSONAL NAME
Personal name Kaul, Shonaleeka
Relator term Ed.
942 ## - ADDED ENTRY ELEMENTS (KOHA)
Source of classification or shelving scheme Colon Classification (CC)
Koha item type Textual
Suppress in OPAC No
Holdings
Withdrawn status Lost status Source of classification or shelving scheme Damaged status Not for loan Home library Current library Date acquired Source of acquisition Inventory number Total Checkouts Full call number Barcode Date last seen Price effective from Koha item type
    Colon Classification (CC)     South Campus Library South Campus Library 2025-04-18 Classic Book Service 171, 11/12/2024, INR 1295.00   Y:1.2'P R4 SC1690745 2025-04-18 2025-04-18 Textual
Copyright @ Delhi University Library System